POKARMOWY, WYDALNICZY - Statystyki

Ogólne statystyki
  • Ten quiz został rozwiązany 3 razy
  • Średni wynik to 19 z 104
Statystyki odpowiedzi
Hint Odpowiedź % Poprawnych
kieł
100%
skrobia
100%
gdzie występują glikogen
67%
2 przedtrzonowe
33%
zęby człowieka 2 siekacze
33%
3 trzonowe
33%
komórki gruczołowebłony śluzowej żołądka | podział jelita cienkiego a
33%
pepsynogen jest ... aktywowany
33%
substancja wydzielana z żółcią, główny składnik nadający koloru kałowi (barwnik żółciowy) bilirubina
33%
związek: cząsteczki tłuszczu wła-ściwego, fosfolipidy, cholesterol, białka tworzące płaszcz chylomikron
33%
a jony potasowe... do wewnątrz
33%
1. uchodzą do niej sok trzustkowyi jelitowy, oraz żółć dwunastnica
33%
sieć ... bo dwie tętniczki dziwna
33%
komórki które wykształcająmikrokosmki enterocyty
33%
białko magazynujące żelazow wątrobie ferrydyna
33%
POWSTAWANIE MOCZU 1. filtracja
33%
ma bogatą... florę bakteryjną
33%
*wytwarzają pepsynogen, nieaktywną formę enzymu wstępnie trawiącego białka główne
33%
sok żołądkowy skład HCl
33%
wytwarzają żółć (w wątrobie),rozpad hemoglobiny hepatocyty
33%
2. wchłanianie substancji jelito czcze
33%
jelito kręte przechodzi w... jelito ślepe
33%
formowanie... kału
33%
kanalik nerkowy
33%
główne białko mlekamatki kazeina
33%
a na jej powierzchni występują... kosmki
33%
przez... kwas solny
33%
niszczy ściany komórkowebakterii, ale tylko Gram+ lizozym
33%
zawiera... mikrokosmki
33%
transportowane do... naczyń limfatycznych
33%
która transportuje jony sodowe...(światło jelita) na zewnątrz
33%
BUDOWA UKŁADUWYDALNICZEGO nerka
33%
*wytwarzają kwas solny, niskie pH okładzinowe
33%
pęcherz moczowy
33%
pepsynogen
33%
organella odpowiedzialne zadetoksykacje peroksysomy
33%
pętla Henlego
33%
błona jest mocno... pofałdowana
33%
enzym trawiący kazeinę rennina
33%
*chroniący przez samostrawieniem śluz
33%
w błonie enterocyty występujepompa... sodowo-potasowa
33%
*z kłębuszkiem nerkowym (naczyniawłosowate) torebka Bowmana
33%
wątrobowa
33%
glukozy jest znacznie ... w cytozolu enterocyty | im dłuższe pętle Henlego, tym ...wody ucieknie z moczu więcej
33%
krew doprowadzana do torebkiBowmana;, tętniczka doprowadzająca jest ma ... średnicę większą
33%
woda
33%
żyła dochodząca do wątroby wrotna
33%
sok trzustkowy, żółć odczyn zasadowy
33%
co powoduje ... ciśnienia zwiększenie
33%
jakie wiązania rozrywaamylaza ślinowa alfa14glikozydowe
0%
produkuje hormon reninę, kontrola i regulacja ciśnienia krwi aparat przykłębuszkowy
0%
wtedy we krwi pozostają... białka
0%
z nich mocz ostateczny dokielichów miedniczki nerkowej brodawki nerkowe
0%
cewka moczkowa
0%
* ciałko nerkowe
0%
złożone polisacharydy, skróconew wyniku trawienia przez amylazę dekstryny
0%
dystalny
0%
enzym działający w dwunastnicy enterokinaza
0%
wchłanianie pozostałych składników odżywczych,
przekazywanie resztek pokarmowych do jelita grubego
jelito kręte
0%
ale zabiera się na gapę z ... jonami sodowymi
0%
miejsce zachodzenia kanalik proksymalny
0%
zachodzi w... kanaliku dystalnym
0%
inaczej... kątnica
0%
*jej wyrostki kielichy
0%
komórki krwi
0%
kora
0%
odwrotnie korowy
0%
a nastepnie do... krwi
0%
komórki ..., wydzielają śluz kubkowe
0%
miedniczka nerkowa
0%
i dużo... (zwiększa to siłędziałania transportu aktywnego) mitochondriów
0%
moczowód
0%
powstaje w kłębuszkach nerkowych w wyniku filtracji osocza krwi mocz pierwotny
0%
NERKA MIKROSKOPOWO nefron
0%
magazynuje żółć pęcherzyk żółciowy
0%
tkanka trzustki odpowiedzialna za wydzielanie soku trzustko- wego pęcherzykowa
0%
*tworzące rdzeń piramidy
0%
tworzą blaszkę trzewnąkomórki Bowmana podocyty
0%
mają one ... błony pofałdowane
0%
i krew przeciska się przez ... w blaszce trzewnej torebki Bowmana pory filtracyjne
0%
na co dzielimy kanalik nerkowy proksymalny
0%
nefron mający duże kłębuszki i długie pętle Henlego przyrdzeniowy
0%
rdzeń
0%
2. wysoce selektywna, wchłanianieglukozy, większości wody, aminokwasy, jest wchłaniana z powrotem do krwi resorbcja
0%
co zwiększa powierzchnię... resorbcji
0%
3. też selektywna, końcowa, jony sekrecja kanalikowa
0%
resorbcja wody dzięki jonom... sodowym
0%
w jelicie czyczym i krętym działa... sok jelitowy
0%
w dwunastnicy działa... sok trzustkowy
0%
sole
0%
*serotonina, histamina:pobudzają mięśniówkę do skurczu srebrnochłonne
0%
tętnica nerkowa
0%
miejsce zachodzenia torebka kłębuszka
0%
w... trypsynę
0%
przekształca... trypsynogen
0%
bo co zawiera wodorowęglan sodu
0%
odpowiada za wchłanianie ...i ... wody soli mineralnych
0%
uchyłkiem jelita ślepego jest... wyrostek robaczkowy
0%
i mocz będzie bardziej... zagęszczony
0%
żyła nerkowa
0%
Nie znaleziono quizów pasujących do podanych kryteriów
Rozkład punktacji
Procent ludzi z każdym wynikiem
Percentyl według liczby udzielonych odpowiedzi
Twoja historia wyników
Nie rozwiązałeś tego quizu